| 000 | 00422nam a22001457a 4500 | ||
|---|---|---|---|
| 999 |
_c7610 _d7608 |
||
| 005 | 20210315155136.0 | ||
| 008 | 210315b ||||| |||| 00| 0 eng d | ||
| 082 | _a346.066 | ||
| 100 |
_aAIYAR, A.N _96466 |
||
| 245 | _aREPORTS OF COMPANY CASES INCLUDING CASES OF BANKING AND INSURENCE [VOL-94] | ||
| 260 |
_aCHENNAI _bCOMPANY LAW INSTITUTE OF INDIA _c1998 |
||
| 300 | _a940; i-xliii,p | ||
| 650 |
_aLAW _95701 |
||
| 942 | _cJRL | ||